000 00389nam a2200157 i 4500
001 bg
100 1 _aBORKOWSKI, Ludwik
245 0 _aLogika formalna. Systemy logiczne. Wstęp do metalogiki /
_cLudwik Borkowski.
250 _aWyd.2 popr.
260 _aWarszawa,
_c1978.
040 _cBPK
041 _apol
080 _a16
942 _cKS
008 s pl f |000 0 pol
999 _c17672
_d17672
856 _uhttp://koha.tu.koszalin.pl/cgi-bin/koha/opac-detail.pl?biblionumber=17672
_yKatalog online BPK